Histopathologic techniques / (Record no. 13480)
[ view plain ]
| 000 -LEADER | |
|---|---|
| fixed length control field | 00660nam a22002417a 4500 |
| 003 - CONTROL NUMBER IDENTIFIER | |
| control field | OSt |
| 005 - DATE AND TIME OF LATEST TRANSACTION | |
| control field | 20140310182438.0 |
| 008 - FIXED-LENGTH DATA ELEMENTS--GENERAL INFORMATION | |
| fixed length control field | 130311t xxu||||| |||| 00| 0 eng d |
| 020 ## - INTERNATIONAL STANDARD BOOK NUMBER | |
| International Standard Book Number | 9711202700 |
| 050 ## - LIBRARY OF CONGRESS CALL NUMBER | |
| Classification number | RC 270.3 |
| Item number | .B887 2006 |
| 100 ## - MAIN ENTRY--PERSONAL NAME | |
| Personal name | Bruce-Gregorios, Jocelyn H. |
| 9 (RLIN) | 7406 |
| 245 ## - TITLE STATEMENT | |
| Title | Histopathologic techniques / |
| Statement of responsibility, etc | Jocelyn H. Bruce-Gregorios. |
| 250 ## - EDITION STATEMENT | |
| Edition statement | 2nd ed. |
| 260 ## - PUBLICATION, DISTRIBUTION, ETC. (IMPRINT) | |
| Place of publication, distribution, etc | Quezon City : |
| Name of publisher, distributor, etc | Goodwill Trading Co., |
| Date of publication, distribution, etc | c2006. |
| 300 ## - PHYSICAL DESCRIPTION | |
| Extent | 356 p. : |
| Other physical details | ill. ; |
| Dimensions | 25 cm. |
| 650 ## - SUBJECT ADDED ENTRY--TOPICAL TERM | |
| Topical term or geographic name as entry element | Histopathologic. |
| 9 (RLIN) | 7413 |
| 942 ## - ADDED ENTRY ELEMENTS (KOHA) | |
| Source of classification or shelving scheme | Library of Congress Classification |
| Koha item type | |
| Withdrawn status | Lost status | Source of classification or shelving scheme | Damaged status | Home library | Current library | Shelving location | Date acquired | Source of acquisition | Total Checkouts | Total Renewals | Full call number | Barcode | Date last seen | Date checked out | Copy number | Price effective from | Koha item type |
|---|---|---|---|---|---|---|---|---|---|---|---|---|---|---|---|---|---|
| Library of Congress Classification | South SEED-LPDH College Library | College Library | South SEED-LPDH College Section | 08/12/2013 | 5 | 18 | RC 270.3 .B887 2006 | SSLC0198 | 11/13/2018 | 10/12/2018 | 5 | 08/12/2013 | Books | ||||
| Library of Congress Classification | South SEED-LPDH College Library | South SEED-LPDH College Library | South SEED-LPDH College Section | 03/11/2013 | Donation | 9 | 33 | RC 270.3 .B887 2012 | SSLC1159 | 05/27/2019 | 10/09/2018 | 1 | 11/06/2013 | Books | |||
| Withdrawn | Library of Congress Classification | South SEED-LPDH College Library | South SEED-LPDH College Library | South SEED-LPDH College Section | 03/11/2013 | RC 270.3 .B887 2012 | SSLC1160 | 03/11/2013 | 2 | 11/06/2013 | Books | ||||||
| Library of Congress Classification | South SEED-LPDH College Library | South SEED-LPDH College Library | South SEED-LPDH College Section | 03/11/2013 | 5 | 54 | RC 270.3 .B887 2012 | SSLC1161 | 04/26/2019 | 10/09/2018 | 3 | 11/06/2013 | Books | ||||
| Library of Congress Classification | South SEED-LPDH College Library | South SEED-LPDH College Library | South SEED-LPDH College Section | 03/11/2013 | 11 | 53 | RC 270.3 .B887 2012 | SSLC1162 | 08/17/2019 | 08/15/2019 | 4 | 11/06/2013 | Books | ||||
| Library of Congress Classification | South SEED-LPDH College Library | South SEED-LPDH College Library | South SEED-LPDH College Section | 08/13/2013 | 7 | 46 | RC 270.3 .B887 2012 | SSLC1163 | 11/26/2018 | 07/16/2018 | 6 | 11/06/2013 | Books |